|
|
|
|
| LEADER |
01571nam a22004214a 4500 |
| 001 |
EBC422418 |
| 003 |
MiAaPQ |
| 005 |
20200520144314.0 |
| 006 |
m o d | |
| 007 |
cr cn||||||||| |
| 008 |
050921s2005 enka sb 001 0 eng |
| 010 |
|
|
|z 2005027734
|
| 020 |
|
|
|z 9780199290901 (alk. paper)
|
| 020 |
|
|
|z 0199290903 (alk. paper)
|
| 035 |
|
|
|a (MiAaPQ)EBC422418
|
| 035 |
|
|
|a (Au-PeEL)EBL422418
|
| 035 |
|
|
|a (CaPaEBR)ebr10177858
|
| 035 |
|
|
|a (CaONFJC)MIL87014
|
| 035 |
|
|
|a (OCoLC)171572647
|
| 040 |
|
|
|a MiAaPQ
|c MiAaPQ
|d MiAaPQ
|
| 043 |
|
|
|a d------
|
| 050 |
|
4 |
|a HF1413
|b .S85 2005
|
| 082 |
0 |
4 |
|a 382/.3
|2 22
|
| 100 |
1 |
|
|a Stiglitz, Joseph E.
|
| 245 |
1 |
0 |
|a Fair trade for all
|h [electronic resource] :
|b how trade can promote development /
|c Joseph E. Stiglitz and Andrew Charlton.
|
| 260 |
|
|
|a Oxford ;
|a New York :
|b Oxford University Press,
|c 2005.
|
| 300 |
|
|
|a xxvii, 315 p. :
|b ill.
|
| 504 |
|
|
|a Includes bibliographical references (p. [279]-296) and index.
|
| 533 |
|
|
|a Electronic reproduction. Ann Arbor, MI : ProQuest, 2015. Available via World Wide Web. Access may be limited to ProQuest affiliated libraries.
|
| 610 |
2 |
0 |
|a World Trade Organization.
|
| 650 |
|
0 |
|a International trade.
|
| 650 |
|
0 |
|a Commercial policy.
|
| 650 |
|
0 |
|a Economic development.
|
| 651 |
|
0 |
|a Developing countries
|x Commerce.
|
| 655 |
|
4 |
|a Electronic books.
|
| 700 |
1 |
|
|a Charlton, Andrew
|q (Andrew Henry George),
|d 1978-
|
| 710 |
2 |
|
|a ProQuest (Firm)
|
| 856 |
4 |
0 |
|u https://ebookcentral.proquest.com/lib/matrademy/detail.action?docID=422418
|z Click to View
|